000
00238 a2200109 4500
090
_c
4540
_d
4540
100
_a
Moorhead/Griffin
245
_a
Organizational behavior
260
_a
New Delhi
300
_a
622
942
_a
NBS
_c
BK
_k
658.3 MOO
999
_c
346983
_d
346983